000 00808nam a2200253Ia 4500
003 OSt
005 20221005062319.0
006 a|||||r|||| 00| 0
007 ta
008 221004b |||||||| |||| 00| 0 eng d
020 _a9781138103504 (hbk)
_cINR 1395.00
024 _a39122
037 _b200, 17/01/2018, Classic Book Service
_cTextual
040 _aCRL
_cCRL
_beng
041 _2eng
_aeng
082 _aT4.4, Q8
100 _aKrishna V.V. Ed.
_9471026
245 0 _aUniverisities in the national innovation systems
_b experience from the asia - pacific
260 _aLondon
_bRoutledge UK
_c2018
300 _axxxi,427p.
_ccm.
650 _aHIGHER EDUCATION
942 _hT4.4, Q8
_cTEXL
_2cc
999 _c969509
_d969509